000 00808cam a2200289 4500
008 090401t1997 xxu||||| |||| 00| 0 eng d
020 _a0113613466
035 _a(Sirsi) u79109
041 _aeng
050 _a692.8
110 _aFurther Education Funding Council for England
_91483
245 _aProcurement : a good practice guide.
260 _aLondon
_bStationery Office
_c1997
300 _av,102p. ; 30cm.
350 _a15.95
650 _aCALL-OFF CONTRACTS
650 _aContracts
_96232
650 _aEDUCATIONAL BUILDINGS
650 _aNEGOTIATION
650 _aPERFORMANCE MONITORING
650 _aProcurement-old
650 _aTENDER EVALUATION
690 _aBUILT ENVIRONMENT
710 _aUnited Kingdom
_bNational Audit Office
_91350
942 _n0
948 _c20/06/1997
999 _c96503
_d96503